Udabāʼ al-Muʼtamar. (Record no. 50766)
[ view plain ]
| 000 -LEADER | |
|---|---|
| fixed length control field | 00890cam a22002291 4500 |
| 001 - CONTROL NUMBER | |
| control field | ne 68003403 |
| 003 - CONTROL NUMBER IDENTIFIER | |
| control field | DLC |
| 005 - DATE AND TIME OF LATEST TRANSACTION | |
| control field | 20260227111846.0 |
| 008 - FIXED-LENGTH DATA ELEMENTS--GENERAL INFORMATION | |
| fixed length control field | 820709s1966 iq c b 000 0 arar |
| 010 ## - LIBRARY OF CONGRESS CONTROL NUMBER | |
| LC control number | ne 68003403 |
| 035 ## - SYSTEM CONTROL NUMBER | |
| System control number | (OCoLC)8586243 |
| 040 ## - CATALOGING SOURCE | |
| Original cataloging agency | DLC |
| Transcribing agency | TU |
| Modifying agency | TU |
| -- | DLC |
| 050 00 - LIBRARY OF CONGRESS CALL NUMBER | |
| Classification number | Z7052 |
| Item number | .M87 1965 |
| 111 2# - MAIN ENTRY--MEETING NAME | |
| Meeting name or jurisdiction name as entry element | Muʼtamar al-Udabāʼ al-ʻArab, |
| Number of part/section/meeting | 5th, |
| Location of meeting | Baghdād, |
| Date of meeting or treaty signing | 1965. |
| 245 10 - TITLE STATEMENT | |
| Title | Udabāʼ al-Muʼtamar. |
| Statement of responsibility, etc. | Jamaʻa mawādd al-kitāb wa-nassaqa maʻlūmātih ʻAbd al-Razzāq al-Hilālī. |
| 260 ## - PUBLICATION, DISTRIBUTION, ETC. | |
| Place of publication, distribution, etc. | Baghdād, |
| Name of publisher, distributor, etc. | Wizarat al-Thaqāfah wa-al-Irshād, |
| Date of publication, distribution, etc. | 1966. |
| 300 ## - PHYSICAL DESCRIPTION | |
| Extent | 206 p. |
| Other physical details | ports. |
| Dimensions | 24 cm. |
| 440 #0 - SERIES STATEMENT/ADDED ENTRY--TITLE | |
| Title | Silsilat al-kutub al-ḥadīthah, |
| Volume/sequential designation | 12 |
| 500 ## - GENERAL NOTE | |
| General note | "ʻUqida bi-Baghdād fī shahr Shubāṭ min ʻām 1965 Muʼtamar al-Udabʼ̄a al-ʻArab al-Khāmis". |
| 650 #0 - SUBJECT ADDED ENTRY--TOPICAL TERM | |
| Topical term or geographic name entry element | Arabic literature |
| Chronological subdivision | 1801- |
| General subdivision | Bio-bibliography. |
| 700 1# - ADDED ENTRY--PERSONAL NAME | |
| Personal name | Hilālī, ʻAbd al-Razzāq, |
| Relator term | comp. |
No items available.